[Event "Hannover-ch U16/18"]
[Site "Lehrte"]
[Date "2012.10.23"]
[Round "7"]
[White "Almeev, Timur"]
[Black "Rossberg, Jonathan"]
[Result "1-0"]
[WhiteElo "1782"]
[BlackElo "1253"]
[PlyCount "87"]
[EventDate "2012.10.23"]
[EventType "swiss"]
[EventRounds "7"]
[EventCountry "GER"]
[SourceTitle "EXT 2021"]
[Source "ChessBase"]
[SourceDate "2020.10.23"]
[SourceVersion "1"]
[SourceVersionDate "2020.10.23"]
[SourceQuality "1"]

1. Nf3 e6 2. g3 Nf6 3. Bg2 c5 4. 0-0 Nc6 5. d4 cxd4 6. Nxd4 Bc5 7. e3 0-0 8. c4 Ne5 9. b3 Rb8 10. Bb2 Ng6 11. Nc3 b6 12. Ndb5 a6 13. Nd6 Bxd6 14. Qxd6 Bb7 15. Rfd1 Bxg2 16. Kxg2 Rb7 17. Na4 Ne8 18. Qd4 Qc7 19. Ba3 Qc6+ 20. Kg1 f6 21. f4 Rf7 22. Nc3 b5 23. cxb5 axb5 24. Ne4 d5 25. Rdc1 Qb6 26. Qxb6 Rxb6 27. Rc8 dxe4 28. Rxe8+ Nf8 29. Rc1 b4 30. Bb2 Rd6 31. Bd4 g6 32. Rcc8 Kg7 33. Bc5 Rd1+ 34. Kg2 Rd2+ 35. Kh3 Nd7 36. Bxb4 Rxa2 37. Rg8+ Kh6 38. Rc7 f5 39. Rb8 Re2 40. Rbb7 Rxe3 41. Rxd7 Rxd7 42. Rxd7 Rxb3 43. Bf8+ Kh5 44. Rxh7# 1-0

[Event "Niedersachsen-ch U18"]
[Site "Rotenburg"]
[Date "2012.04.04"]
[Round "8"]
[White "Almeev, Timur"]
[Black "Zehe, Marc Kevin"]
[Result "1/2-1/2"]
[WhiteElo "1784"]
[BlackElo "1650"]
[PlyCount "64"]
[EventDate "2012.03.31"]
[EventType "swiss"]
[EventRounds "9"]
[EventCountry "GER"]
[SourceTitle "EXT 2015"]
[Source "ChessBase"]
[SourceDate "2014.11.20"]
[SourceVersion "1"]
[SourceVersionDate "2014.11.20"]
[SourceQuality "1"]

1. e4 g6 2. d4 Bg7 3. Nc3 c5 4. Be3 Qa5 5. Qd2 Qb4 6. Rb1 cxd4 7. Nd5 Qxd2+ 8. Bxd2 Kd8 9. Nf3 e6 10. Nf4 Nc6 11. Bb5 Nge7 12. 0-0 e5 13. Nd3 a6 14. Ba4 h6 15. Nb4 b5 16. Bb3 Rf8 17. Nd5 Rb8 18. Nxe7 Kxe7 19. Bd5 Bb7 20. Nh4 Bf6 21. Nf3 g5 22. c3 d6 23. cxd4 Nxd4 24. Nxd4 exd4 25. Rfe1 Be5 26. Rbc1 Bxd5 27. exd5 Rbc8 28. Rc6 Rxc6 29. dxc6 Rc8 30. Rc1 Ke6 31. Kf1 d3 32. b3 Bb2 1/2-1/2

[Event "Niedersachsen-ch U18"]
[Site "Rotenburg"]
[Date "2012.04.03"]
[Round "5"]
[White "Evers, Annika"]
[Black "Almeev, Timur"]
[Result "0-1"]
[WhiteElo "1755"]
[BlackElo "1784"]
[PlyCount "90"]
[EventDate "2012.03.31"]
[EventType "swiss"]
[EventRounds "9"]
[EventCountry "GER"]
[SourceTitle "EXT 2015"]
[Source "ChessBase"]
[SourceDate "2014.11.20"]
[SourceVersion "1"]
[SourceVersionDate "2014.11.20"]
[SourceQuality "1"]

1. d4 Nf6 2. Nf3 g6 3. Bg5 Bg7 4. e3 0-0 5. Nbd2 b6 6. c3 c5 7. Bd3 d6 8. Qc2 Bb7 9. Bxf6 Bxf6 10. h4 Nd7 11. h5 Kg7 12. 0-0-0 e5 13. dxe5 Nxe5 14. Nxe5 dxe5 15. Ne4 Qe7 16. g4 Qe6 17. b3 Rad8 18. f3 Qe7 19. Rdg1 Bg5 20. Re1 c4 21. Bxc4 Bxe4 22. fxe4 Qc5 23. Rh3 b5 24. Bd5 Rc8 25. c4 bxc4 26. Bxc4 a5 27. a4 Qb4 28. Reh1 h6 29. hxg6 fxg6 30. Kb1 Rc6 31. Qb2 Qc5 32. Rd1 Rd6 33. Rd5 Rxd5 34. exd5 Qd6 35. Qc3 Qc7 36. Rh2 Rf3 37. Re2 Rg3 38. Qe1 Rxg4 39. Rc2 Qb6 40. Qe2 Rg1+ 41. Kb2 Bxe3 42. Rd2 Bxd2 43. Qxe5+ Qf6 44. Qxf6+ Kxf6 45. d6 Bb4 0-1

[Event "Niedersachsen-ch U18"]
[Site "Rotenburg"]
[Date "2012.04.02"]
[Round "4"]
[White "Almeev, Timur"]
[Black "Goeing, Felix"]
[Result "1-0"]
[WhiteElo "1784"]
[BlackElo "1298"]
[PlyCount "31"]
[EventDate "2012.03.31"]
[EventType "swiss"]
[EventRounds "9"]
[EventCountry "GER"]
[SourceTitle "EXT 2015"]
[Source "ChessBase"]
[SourceDate "2014.11.20"]
[SourceVersion "1"]
[SourceVersionDate "2014.11.20"]
[SourceQuality "1"]

1. e4 e6 2. d4 d5 3. Nd2 Nf6 4. e5 Nfd7 5. Bd3 c5 6. c3 Nc6 7. Ne2 Qb6 8. Nf3 Be7 9. 0-0 0-0 10. Re1 f6 11. Nf4 fxe5 12. dxe5 Nd8 13. Qc2 g6 14. Bxg6 hxg6 15. Qxg6+ Kh8 16. Nh5 1-0

[Event "Niedersachsen-ch U18"]
[Site "Rotenburg"]
[Date "2012.04.01"]
[Round "2"]
[White "Grigorian, Spartak"]
[Black "Almeev, Timur"]
[Result "1-0"]
[WhiteElo "2088"]
[BlackElo "1784"]
[PlyCount "79"]
[EventDate "2012.03.31"]
[EventType "swiss"]
[EventRounds "9"]
[EventCountry "GER"]
[SourceTitle "EXT 2015"]
[Source "ChessBase"]
[SourceDate "2014.11.20"]
[SourceVersion "1"]
[SourceVersionDate "2014.11.20"]
[SourceQuality "1"]

1. d4 d5 2. c4 c6 3. Nf3 Nf6 4. Nc3 e6 5. Bg5 dxc4 6. e4 b5 7. e5 h6 8. Bh4 g5 9. Nxg5 hxg5 10. Bxg5 Nbd7 11. exf6 Bb7 12. g3 Qb6 13. Bg2 0-0-0 14. 0-0 Bh6 15. Ne4 c5 16. Bxh6 Rxh6 17. Qd2 Rg6 18. Qf4 Bxe4 19. Qxe4 cxd4 20. a4 Nc5 21. Qf3 b4 22. Rfc1 c3 23. bxc3 dxc3 24. Rab1 Rd3 25. Qa8+ Kc7 26. a5 Qxa5 27. Ra1 Qb6 28. Rxa7+ Kd6 29. Re1 Rd5 30. Qf8+ Kc6 31. Qxf7 Rxf6 32. Qe8+ Kd6 33. Qe7+ Kc6 34. Qxf6 Qxa7 35. Rxe6+ Kb5 36. Bxd5 c2 37. Re1 b3 38. Qb2 Qa5 39. Rc1 Qd2 40. Bxb3 1-0

[Event "Hannover-ch U16"]
[Site "Lehrte"]
[Date "2010.10.10"]
[Round "4"]
[White "Seidenstuecker, Hans Lennart"]
[Black "Almeev, Timur"]
[Result "0-1"]
[WhiteElo "1157"]
[BlackElo "1420"]
[PlyCount "32"]
[EventDate "2010.10.09"]
[EventType "swiss"]
[EventRounds "7"]
[EventCountry "GER"]
[SourceTitle "EXT 2021"]
[Source "ChessBase"]
[SourceDate "2020.10.23"]
[SourceVersion "1"]
[SourceVersionDate "2020.10.23"]
[SourceQuality "1"]

1. d4 Nf6 2. c4 c5 3. e3 g6 4. Nf3 Bg7 5. g3 d6 6. Bg2 0-0 7. 0-0 Bg4 8. Qb3 Qc7 9. Nc3 Nc6 10. Ng5 Rab8 11. Nce4 cxd4 12. exd4 Nxd4 13. Qd3 Nxe4 14. Nxe4 Be2 15. Qa3 Bxf1 16. Bf4 Nc2 0-1

[Event "Niedersachsen-ch op"]
[Site "Verden"]
[Date "2009.01.04"]
[Round "4"]
[White "Almeev, Timur"]
[Black "Grigorian, Spartak"]
[Result "0-1"]
[WhiteElo "1158"]
[BlackElo "1776"]
[PlyCount "76"]
[EventDate "2009.01.03"]
[EventType "swiss"]
[EventRounds "7"]
[EventCountry "GER"]
[SourceTitle "EXT 2012"]
[Source "ChessBase"]
[SourceDate "2011.11.24"]
[SourceVersion "1"]
[SourceVersionDate "2011.11.24"]
[SourceQuality "1"]

1. e4 c5 2. Nf3 d6 3. Bb5+ Bd7 4. Bxd7+ Qxd7 5. 0-0 Nc6 6. Nc3 Nf6 7. Re1 e6 8. d4 cxd4 9. Nxd4 Be7 10. Bg5 a6 11. f4 b5 12. Nxc6 Qxc6 13. Kh1 b4 14. Bxf6 gxf6 15. Nb1 Rg8 16. Nd2 f5 17. Re2 fxe4 18. Nxe4 d5 19. Ng3 Kd7 20. f5 Rg5 21. fxe6+ fxe6 22. Ne4 Rf5 23. Ng3 Rf7 24. Qd2 Raf8 25. Rae1 h5 26. h3 Bd6 27. Qd3 Bc7 28. Rxe6 Qc4 29. Qxc4 dxc4 30. R6e3 h4 31. Ne2 Rf1+ 32. Ng1 Bb6 33. Re7+ Kc6 34. R7e6+ Kb5 35. R1e5+ Bc5 36. a4+ bxa3 37. bxa3 Rxg1+ 38. Kh2 Rff1 0-1

[Event "Niedersachsen-ch op"]
[Site "Verden"]
[Date "2009.01.03"]
[Round "2"]
[White "Almeev, Timur"]
[Black "Genath, Maren"]
[Result "1-0"]
[WhiteElo "1158"]
[BlackElo "835"]
[PlyCount "83"]
[EventDate "2009.01.03"]
[EventType "swiss"]
[EventRounds "7"]
[EventCountry "GER"]
[SourceTitle "EXT 2012"]
[Source "ChessBase"]
[SourceDate "2011.11.24"]
[SourceVersion "1"]
[SourceVersionDate "2011.11.24"]
[SourceQuality "1"]

1. e4 e5 2. Nf3 Nc6 3. Bb5 Nf6 4. 0-0 Nxe4 5. d4 exd4 6. Re1 Qe7 7. Bxc6 dxc6 8. Nfd2 Bf5 9. Nxe4 Bxe4 10. f3 f5 11. fxe4 fxe4 12. Qxd4 Rd8 13. Qxe4 Qxe4 14. Rxe4+ Kf7 15. Nc3 Bb4 16. Rxb4 Rhf8 17. Rf4+ Kg8 18. Rxf8+ Rxf8 19. Be3 a5 20. Rf1 Re8 21. Bf4 h6 22. Bxc7 a4 23. Bd6 Re6 24. Bc5 b5 25. Rf8+ Kh7 26. Rf1 g5 27. Bd4 c5 28. Bxc5 Rc6 29. Bd4 Rc4 30. Nxb5 Rxc2 31. Bc3 Kg6 32. Rf6+ Kh5 33. h3 g4 34. hxg4+ Kxg4 35. Nd4 Rc1+ 36. Rf1 Rxf1+ 37. Kxf1 Kg3 38. Nf5+ Kf4 39. Nxh6 Ke4 40. b3 axb3 41. axb3 Kd5 42. g4 1-0

[Event "Hannover Region-ch"]
[Site "Hannover"]
[Date "2008.01.26"]
[Round "2"]
[White "Heiseke, Gerhard"]
[Black "Almeev, Timur"]
[Result "1-0"]
[WhiteElo "1412"]
[BlackElo "954"]
[PlyCount "45"]
[EventDate "2008.01.12"]
[EventType "swiss"]
[EventRounds "7"]
[EventCountry "GER"]
[SourceTitle "EXT 2021"]
[Source "ChessBase"]
[SourceDate "2020.10.23"]
[SourceVersion "1"]
[SourceVersionDate "2020.10.23"]
[SourceQuality "1"]

1. d4 d5 2. e4 e6 3. e5 c5 4. c3 Nc6 5. Nf3 f6 6. Bf4 g5 7. Be3 h6 8. dxc5 fxe5 9. Nbd2 d4 10. cxd4 exd4 11. Nxd4 Nxd4 12. Qh5+ Ke7 13. Bxg5+ Nf6 14. Bxf6+ Kxf6 15. Qh4+ Kf7 16. Qxd8 e5 17. Bc4+ Kg7 18. Qc7+ Kf6 19. Qf7+ Kg5 20. Ne4+ Kh4 21. Qf6+ Kg4 22. h3+ Kh5 23. Bf7# 1-0

[Event "Niedersachsen-ch"]
[Site "Verden"]
[Date "2008.01.05"]
[Round "6"]
[White "Hess, Volker"]
[Black "Almeev, Timur"]
[Result "1/2-1/2"]
[WhiteElo "1264"]
[BlackElo "936"]
[PlyCount "55"]
[EventDate "2008.01.03"]
[EventType "swiss"]
[EventRounds "7"]
[EventCountry "GER"]
[SourceTitle "EXT 2010"]
[Source "ChessBase"]
[SourceDate "2010.11.25"]
[SourceVersion "1"]
[SourceVersionDate "2010.11.25"]
[SourceQuality "1"]

1. c4 e5 2. Nc3 Nf6 3. g3 d5 4. cxd5 Nxd5 5. Bg2 Nxc3 6. bxc3 Bc5 7. Nf3 Nc6 8. 0-0 Bf5 9. Qa4 0-0 10. Rd1 a6 11. Qb3 e4 12. Nh4 Be6 13. Qc2 f5 14. d4 exd3 15. Rxd3 Qe7 16. Be3 Bxe3 17. Rxe3 Qf6 18. Rd3 Nb4 19. Qb2 Nxd3 20. exd3 Rab8 21. Nf3 Bd5 22. Qc1 h5 23. c4 Bxf3 24. Bxf3 Rbd8 25. Qd1 Rd4 26. Bd5+ Kh8 27. Qxh5+ Qh6 28. Qe2 1/2-1/2